Agua, medio ambiente y desarrollo en el siglo XXI : México desde una perspectiva global y regional /

Compilación de treinta y un ensayos realizados por investigadores mexicanos y de otras partes del mundo en los que, desde diferentes enfoques, se analizan los problemas contemporáneos del agua en México. Como son la escasez y contaminación del agua en el campo y en la ciudad; el deterioro ecológico...

Deskribapen osoa

Gorde:
Xehetasun bibliografikoak
Egile nagusia: Avila García, Patricia (ed.)
Formatua: Liburua
Hizkuntza:gaztelania
Argitaratua: Zamora, México : Jiutepec, México : El Colegio de Michoacán : Secretaría de Urbanismo y Medio Ambiemte ; Instituto Mexicano de Tecnología del Agua, 2003, c2003
Saila:(Debates ColMich)
Gaiak:
Etiketak: Etiketa erantsi
Etiketarik gabe, Izan zaitez lehena erregistro honi etiketa jartzen!

MARC

LEADER 00000nam^a2200000^a^4500
001 000163691
005 20250521000000.0
009 20260310100915.377
020 |a 970-679-101-9 
037 |a Acervo ITESO - Biblioteca 
041 |a ESP 
082 |a 628. 10972  |b AVI 
100 |a Avila García, Patricia  |e (ed.) 
245 1 0 |a Agua, medio ambiente y desarrollo en el siglo XXI :  |b México desde una perspectiva global y regional /  |c Ed. P. Avila García. 
264 4 |a Zamora, México :  |b El Colegio de Michoacán :  |b Secretaría de Urbanismo y Medio Ambiemte ;  |a Jiutepec, México :  |b Instituto Mexicano de Tecnología del Agua,  |c 2003, c2003 
300 |a 476 p. 
336 |a texto  |b txt  |2 rdacontenido 
337 |a sin mediación  |b n  |2 rdamedio 
338 |a volumen  |b nc  |2 rdasoporte 
440 1 |a (Debates ColMich) 
520 |a Compilación de treinta y un ensayos realizados por investigadores mexicanos y de otras partes del mundo en los que, desde diferentes enfoques, se analizan los problemas contemporáneos del agua en México. Como son la escasez y contaminación del agua en el campo y en la ciudad; el deterioro ecológico de cuencas hidrológicas; los conflictos y disputas por el acceso y el control del recurso; y las nuevas formas de gestión del agua y el impacto en las políticas ambientales. Además se perfilan algunas soluciones a la problemática socioambiental de los recursos hídricos del país. Sin perder la perspectiva global del problema, se establece la situación de México con respecto a otras partes del mundo y su vulnerabilidad ante procesos como los cambios climáticos y el deterioro ambiental. 
649 |a XX 
650 |a Agua -  |x Abastecimiento -  |z México 
650 |a Agua -  |x Consumo 
650 |a Agua -  |x Contaminación 
650 |a Agua -  |x Aprovechamiento 
650 |a Agua de Riego -  |z México 
650 |a El Niño (Meteorología) -  |z México 
650 |a Cuencas Hidrográficas -  |z México 
650 |a Recursos Naturales -  |x Administración 
650 |a Desarrollo Sustentable -  |z México 
650 |a Ingeniería Sanitaria 
650 |a Ingeniería Ambiental 
650 |a Ecología 
910 |a Fondo General 
920 |a Impresos - Libros 
930 |a Colección General 
905 |a 101 
901 |a 0500097693  |b IT1  |c ACC  |u 20250521 
901 |a 0500100608  |b IT1  |c ACC  |u 20250521 
902 |a https://opac.biblio.iteso.mx/vufind/Record/000163691